ბათუმის შოთა რუსთაველის სახელმწიფო უნივერსიტეტის ბიბლიოთეკა

Задачник-практикум по аналитической геометрии (ბიბ.ჩანაწერი № 40465)

000 -LEADER
fixed length control field 00676nam a2200217Ia 4500
001 - CONTROL NUMBER
control field 7075
003 - CONTROL NUMBER IDENTIFIER
control field GE_BSU
008 - FIXED-LENGTH DATA ELEMENTS--GENERAL INFORMATION
fixed length control field 181216s||||||||xx |||||||||||||| ||und||
040 ## - CATALOGING SOURCE
Transcribing agency GE_BSU
080 ## - UNIVERSAL DECIMAL CLASSIFICATION NUMBER
Universal Decimal Classification number 514.12(075.8)(076.1)
100 ## - MAIN ENTRY--PERSONAL NAME
Personal name Аргунов,Б.И.
245 ## - TITLE STATEMENT
Title Задачник-практикум по аналитической геометрии
245 ## - TITLE STATEMENT
Statement of responsibility, etc. Ред. В.С. Капустина
260 ## - PUBLICATION, DISTRIBUTION, ETC.
Place of publication, distribution, etc. Москва
260 ## - PUBLICATION, DISTRIBUTION, ETC.
Name of publisher, distributor, etc. Просвещение
260 ## - PUBLICATION, DISTRIBUTION, ETC.
Date of publication, distribution, etc. 1968
300 ## - PHYSICAL DESCRIPTION
Extent 167стр. 21см.
653 ## - INDEX TERM--UNCONTROLLED
Uncontrolled term Геометрия
653 ## - INDEX TERM--UNCONTROLLED
Uncontrolled term Задачник-практикум по аналитической геометрии
942 ## - ADDED ENTRY ELEMENTS (KOHA)
Koha item type წიგნი
ეგზემპლარები
Withdrawn status Lost status Damaged status Not for loan Date acquired Barcode Date last seen Price effective from Koha item type
        2018-12-17 17811 2018-12-17 2018-12-17 წიგნი